[Event "Karlsruhe Grenke op"]
[Site "Karlsruhe"]
[Date "2025.04.19"]
[Round "5"]
[White "Ernst, Robert"]
[Black "Geher, Koppany"]
[Result "0-1"]
[WhiteElo "2378"]
[BlackElo "2244"]
[PlyCount "94"]
[EventDate "2025.04.17"]
[EventType "swiss"]
[EventRounds "9"]
[EventCountry "GER"]
[SourceTitle "CB17_2025"]
[SourceDate "2025.04.23"]
[SourceVersion "1"]
[SourceVersionDate "2025.04.23"]
[SourceQuality "1"]

1. d4 Nf6 2. c4 e6 3. Nc3 Bb4 4. f3 c5 5. d5 d6 6. e4 b5 7. Nge2 bxc4 8. Nf4 e5 9. Nfe2 Nbd7 10. Ng3 Nb6 11. Be2 Ng8 12. 0-0 Ne7 13. Nh5 0-0 14. f4 exf4 15. Bxf4 Ng6 16. Bg3 Qe7 17. Nb5 Ne5 18. Qc1 f6 19. Qe3 Bd7 20. Nc3 Rae8 21. Rae1 Na4 22. Rb1 Rb8 23. Nxa4 Bxa4 24. Rfc1 Rfe8 25. Bf4 Ng6 26. Bf3 Bb5 27. Ng3 Bd7 28. Rxc4 Nxf4 29. Qxf4 Qe5 30. Qxe5 Rxe5 31. Rd1 g6 32. b3 Bb5 33. Rcc1 Ba3 34. Rc2 c4 35. Rb1 Bc5+ 36. Kh1 Ba6 37. Be2 cxb3 38. Rxb3 Rxb3 39. axb3 Bxe2 40. Rxe2 Kg7 41. h3 Re7 42. Rc2 Rb7 43. Rc3 Rb4 44. Rf3 h5 45. h4 f5 46. Rf4 Rxb3 47. Kh2 Bd4 0-1

[Event "Budapest SixDays 01 IM-C"]
[Site "Budapest"]
[Date "2025.01.30"]
[Round "7"]
[White "Geher, Koppany"]
[Black "Lewtak, Damian"]
[Result "0-1"]
[WhiteElo "2204"]
[BlackElo "2359"]
[PlyCount "126"]
[EventDate "2025.01.26"]
[EventType "tourn"]
[EventRounds "9"]
[EventCountry "HUN"]
[SourceTitle "CB06_2025"]
[SourceDate "2025.02.05"]
[SourceVersion "1"]
[SourceVersionDate "2025.02.05"]
[SourceQuality "1"]

1. e4 c6 2. Nf3 d5 3. d3 dxe4 4. dxe4 Qxd1+ 5. Kxd1 Bg4 6. Be2 Nd7 7. Ne1 Be6 8. Nd3 f6 9. Be3 Bf7 10. Nd2 e5 11. c3 h5 12. h4 g6 13. Kc2 Bh6 14. Bxh6 Nxh6 15. a4 a5 16. Rhd1 Ke7 17. b4 Be6 18. f3 Nf7 19. Nc5 Nd6 20. Rab1 Rhb8 21. Nxe6 Kxe6 22. Nb3 axb4 23. cxb4 Rxa4 24. Rxd6+ Kxd6 25. Rd1+ Ke6 26. Rxd7 Ra2+ 27. Kb1 Kxd7 28. Kxa2 b6 29. Kb2 Kd6 30. Nd2 b5 31. Nb3 g5 32. hxg5 fxg5 33. Nc5 Rg8 34. Kc3 Ke7 35. Bd1 Ra8 36. Nd3 Kf6 37. Kb2 Rd8 38. Kc3 Rd4 39. Kd2 Rd7 40. Ke3 Ra7 41. g3 Ra3 42. Be2 h4 43. gxh4 gxh4 44. f4 h3 45. fxe5+ Kg5 46. e6 Kf6 47. e5+ Ke7 48. Kd4 Ra2 49. Bf3 Rc2 50. Ke3 h2 51. Be4 Rc4 52. Nf2 Kxe6 53. Kf3 Kxe5 54. Ng4+ Kd4 55. Nxh2 Kc3 56. Ng4 Kxb4 57. Ne5 Rc3+ 58. Ke2 c5 59. Nc6+ Ka4 60. Kd2 Rh3 61. Ne5 c4 62. Bd5 Rh5 63. Bxc4 Rxe5 0-1

[Event "Budapest SixDays 01 IM-C"]
[Site "Budapest"]
[Date "2025.01.30"]
[Round "8"]
[White "Geher, Koppany"]
[Black "Nemeth, Zalan"]
[Result "1/2-1/2"]
[WhiteElo "2204"]
[BlackElo "2277"]
[PlyCount "156"]
[EventDate "2025.01.26"]
[EventType "tourn"]
[EventRounds "9"]
[EventCountry "HUN"]
[SourceTitle "CB06_2025"]
[SourceDate "2025.02.05"]
[SourceVersion "1"]
[SourceVersionDate "2025.02.05"]
[SourceQuality "1"]

1. e4 c5 2. Nf3 d6 3. Bb5+ Bd7 4. Bxd7+ Qxd7 5. d4 cxd4 6. Qxd4 Nc6 7. Qd3 g6 8. 0-0 Bg7 9. c4 Nf6 10. Nc3 Ng4 11. Bd2 Nge5 12. Nxe5 Nxe5 13. Qe2 Rc8 14. b3 0-0 15. h3 Nc6 16. Rac1 f5 17. exf5 Qxf5 18. Rce1 Bd4 19. Nd5 Rf7 20. Bc3 e5 21. Bxd4 Nxd4 22. Qe4 Qxe4 23. Rxe4 b5 24. cxb5 Rc5 25. Ne3 Rxb5 26. Ng4 Kg7 27. f4 h5 28. Nh2 Ra5 29. fxe5 dxe5 30. Rxf7+ Kxf7 31. Nf3 Nxf3+ 32. gxf3 Rxa2 33. Rxe5 Kf6 34. Rb5 a6 35. Rc5 Ke6 36. h4 Kf6 37. Rd5 a5 38. Rd4 Rb2 39. Ra4 Rxb3 40. Rxa5 Rxf3 41. Kg2 Re3 42. Kf2 Re4 43. Kg3 Re5 44. Ra4 Re3+ 45. Kf2 Rh3 46. Kg2 Re3 47. Kf2 Re5 48. Kf3 Rd5 49. Ra3 Kf5 50. Kg3 Rd4 51. Ra5+ Ke4 52. Rg5 Rd6 53. Ra5 Rd3+ 54. Kg2 Kf4 55. Ra4+ Ke5 56. Ra5+ Ke4 57. Ra6 Kf5 58. Ra5+ Ke6 59. Ra6+ Kf7 60. Ra7+ Kf6 61. Ra6+ Kg7 62. Ra7+ Kh6 63. Ra6 Rd4 64. Kg3 Kg7 65. Rb6 Kf7 66. Ra6 Re4 67. Rb6 Rg4+ 68. Kh3 Rg1 69. Ra6 Rd1 70. Kg3 Ke7 71. Ra3 Kf6 72. Rb3 Re1 73. Ra3 Rg1+ 74. Kh3 Re1 75. Kg3 Kf5 76. Ra5+ Re5 77. Ra3 Rd5 78. Rb3 g5 1/2-1/2

[Event "Budapest SixDays 01 IM-C"]
[Site "Budapest"]
[Date "2025.01.28"]
[Round "5"]
[White "Geher, Koppany"]
[Black "Baski, Barnabas"]
[Result "1-0"]
[WhiteElo "2204"]
[BlackElo "2196"]
[PlyCount "87"]
[EventDate "2025.01.26"]
[EventType "tourn"]
[EventRounds "9"]
[EventCountry "HUN"]
[SourceTitle "CB06_2025"]
[SourceDate "2025.02.05"]
[SourceVersion "1"]
[SourceVersionDate "2025.02.05"]
[SourceQuality "1"]

1. e4 e5 2. Nf3 Nc6 3. Bb5 a6 4. Ba4 Nf6 5. d3 d6 6. c3 g6 7. 0-0 Bg7 8. Re1 b5 9. Bc2 0-0 10. h3 Bb7 11. Be3 Re8 12. Nbd2 Qd7 13. a4 h6 14. b4 Nh5 15. Nf1 Rad8 16. Bb3 Kh7 17. Ra2 Rf8 18. Rd2 Rde8 19. N1h2 Nd8 20. Bc2 Qc6 21. axb5 Qxc3 22. bxa6 Bxa6 23. Ba4 c6 24. Qb1 Qa3 25. Bb3 Qxb4 26. Rb2 Qa5 27. Ra2 Qb5 28. Rb2 Qb7 29. Bc4 Bb5 30. Bxb5 cxb5 31. Rxb5 Qd7 32. d4 exd4 33. Bxd4 Nc6 34. Bxg7 Kxg7 35. Qb2+ Kh7 36. Ng4 Rb8 37. Rxb8 Rxb8 38. Qd2 g5 39. Nxg5+ hxg5 40. Qxg5 Rh8 41. Qxh5+ Kg7 42. Qg5+ Kf8 43. Ra1 Qb7 44. Qf6 1-0

[Event "Budapest SixDays 01 IM-C"]
[Site "Budapest"]
[Date "2025.01.27"]
[Round "3"]
[White "Geher, Koppany"]
[Black "Isha, Sharma"]
[Result "1-0"]
[WhiteElo "2204"]
[BlackElo "2230"]
[PlyCount "77"]
[EventDate "2025.01.26"]
[EventType "tourn"]
[EventRounds "9"]
[EventCountry "HUN"]
[SourceTitle "CB06_2025"]
[SourceDate "2025.02.05"]
[SourceVersion "1"]
[SourceVersionDate "2025.02.05"]
[SourceQuality "1"]

1. e4 e5 2. Nf3 Nc6 3. Bb5 a6 4. Ba4 Nf6 5. 0-0 b5 6. Bb3 Bc5 7. c3 d6 8. a4 Rb8 9. d4 Bb6 10. a5 Ba7 11. h3 Bb7 12. Be3 Nxe4 13. Re1 Ne7 14. dxe5 Bxe3 15. Rxe3 d5 16. Nbd2 Nf5 17. Re1 0-0 18. e6 Nc5 19. exf7+ Rxf7 20. Bc2 Qf6 21. Ne5 Re7 22. Ng4 Rxe1+ 23. Qxe1 Qf8 24. Qe5 Nd6 25. Qh5 Nce4 26. Nxe4 Nxe4 27. Rd1 g6 28. Qe5 h5 29. Bxe4 hxg4 30. Bxd5+ Bxd5 31. Qxd5+ Qf7 32. Qxf7+ Kxf7 33. Rd7+ Ke6 34. Rxc7 gxh3 35. gxh3 b4 36. Rc6+ Kd7 37. Rxa6 bxc3 38. bxc3 g5 39. Rb6 1-0

[Event "Bayern-chI Bank Hofmann 27th"]
[Site "Gmund am Tegernsee"]
[Date "2024.11.01"]
[Round "7"]
[White "Geher, Koppany"]
[Black "Forchert, Martin"]
[Result "0-1"]
[WhiteElo "2175"]
[BlackElo "2316"]
[PlyCount "76"]
[EventDate "2024.10.26"]
[EventType "swiss"]
[EventRounds "9"]
[EventCountry "GER"]
[SourceTitle "CB45_2024"]
[Source "ChessBase"]
[SourceDate "2024.11.06"]
[SourceVersion "1"]
[SourceVersionDate "2024.11.06"]
[SourceQuality "1"]

1. e4 c5 2. Nf3 e6 3. d4 cxd4 4. Nxd4 a6 5. c4 Nf6 6. Nc3 Bb4 7. Qd3 0-0 8. e5 Ne8 9. Be2 d6 10. Nc2 Ba5 11. b4 Bc7 12. exd6 Nxd6 13. Bf4 e5 14. Be3 Bf5 15. Qd2 Nc6 16. Rd1 Ne4 17. Nxe4 Bxe4 18. Qc3 Qh4 19. g3 Qh3 20. f3 Bg6 21. Kf2 Rfd8 22. Rd5 Ne7 23. Rxd8+ Rxd8 24. Bc5 Nc6 25. b5 Nd4 26. Bf1 Qd7 27. Ne3 axb5 28. Nd5 Bd6 29. Bxd6 Qxd6 30. Qb4 Qxb4 31. Nxb4 Ra8 32. cxb5 Ra4 33. a3 Rxa3 34. Be2 Rb3 35. Nd5 Rb2 36. Ne7+ Kf8 37. Nxg6+ hxg6 38. Re1 Ke7 0-1

[Event "HUN-ch Rapid"]
[Site "Ajka"]
[Date "2024.07.20"]
[Round "2"]
[White "Livaic, Leon"]
[Black "Geher, Koppany"]
[Result "1-0"]
[WhiteElo "2547"]
[BlackElo "2241"]
[PlyCount "103"]
[EventDate "2024.07.20"]
[EventType "swiss (rapid)"]
[EventRounds "11"]
[EventCountry "HUN"]
[SourceTitle "CBM 221 Extra"]
[Source "ChessBase"]
[SourceDate "2024.09.30"]
[SourceVersion "1"]
[SourceVersionDate "2024.09.30"]
[SourceQuality "1"]

1. d4 d5 2. c4 dxc4 3. e3 e5 4. Bxc4 exd4 5. exd4 Bd6 6. Nf3 Nf6 7. Qe2+ Qe7 8. Qxe7+ Bxe7 9. 0-0 Nc6 10. Re1 Bg4 11. Ne5 Nxe5 12. dxe5 Nd7 13. Nc3 Be6 14. Nd5 Bd8 15. Bf4 Nb6 16. Nxb6 axb6 17. Bxe6 fxe6 18. a4 Be7 19. Red1 Bc5 20. Kf1 Rf8 21. Bg3 Rf7 22. Ke2 Rd7 23. b3 Rxd1 24. Rxd1 b5 25. axb5 Ra3 26. Kd3 Bb6 27. Kc3 Ra2 28. Bh4 h6 29. Rd8+ Kf7 30. Rd7+ Kf8 31. g4 g5 32. Bg3 Ra5 33. Rh7 Rxb5 34. Rxh6 Kf7 35. Rf6+ Ke7 36. Rg6 Rc5+ 37. Kb2 Rd5 38. Rxg5 Bxf2 39. Bxf2 Rd2+ 40. Kc3 Rxf2 41. h4 Kd7 42. h5 Rh2 43. Rg6 c5 44. h6 Kc6 45. g5 Kd5 46. Rg7 b5 47. h7 Rh3+ 48. Kd2 Rh2+ 49. Ke3 Rh3+ 50. Ke2 Rh2+ 51. Kf3 Kxe5 52. g6 1-0

[Event "HUN-ch Blitz"]
[Site "Ajka"]
[Date "2024.07.19"]
[Round "4"]
[White "Jakab, Attila"]
[Black "Geher, Koppany"]
[Result "1-0"]
[WhiteElo "2269"]
[BlackElo "2241"]
[PlyCount "73"]
[EventDate "2024.07.19"]
[EventType "swiss (blitz)"]
[EventRounds "13"]
[EventCountry "HUN"]
[SourceTitle "CBM 221 Extra"]
[Source "ChessBase"]
[SourceDate "2024.09.30"]
[SourceVersion "1"]
[SourceVersionDate "2024.09.30"]
[SourceQuality "1"]

1. d4 d5 2. c4 dxc4 3. Nf3 a6 4. e3 Bg4 5. Bxc4 e6 6. 0-0 Nf6 7. Nbd2 Nc6 8. b3 Bd6 9. Bb2 0-0 10. Be2 Qe7 11. Nc4 Nb4 12. Ba3 Nbd5 13. Nxd6 cxd6 14. Rc1 Ne4 15. h3 Ndc3 16. Qe1 Nxe2+ 17. Qxe2 Bh5 18. g4 Bg6 19. Nd2 Nxd2 20. Qxd2 Qd7 21. Qb4 Rfd8 22. Rc3 h5 23. f3 hxg4 24. hxg4 Rac8 25. Rfc1 Rxc3 26. Rxc3 Qe7 27. Kg2 e5 28. dxe5 Qxe5 29. Qd4 Qg5 30. Bb2 Re8 31. Rc8 f6 32. Rc7 Qxe3 33. Rxg7+ Kh8 34. Qxe3 Rxe3 35. Bxf6 Re2+ 36. Kg3 Bb1 37. Re7+ 1-0

[Event "HUN-ch Blitz"]
[Site "Ajka"]
[Date "2024.07.19"]
[Round "10"]
[White "Pap, Misa"]
[Black "Geher, Koppany"]
[Result "0-1"]
[WhiteElo "2399"]
[BlackElo "2241"]
[PlyCount "63"]
[EventDate "2024.07.19"]
[EventType "swiss (blitz)"]
[EventRounds "13"]
[EventCountry "HUN"]
[SourceTitle "CBM 221 Extra"]
[Source "ChessBase"]
[SourceDate "2024.09.30"]
[SourceVersion "1"]
[SourceVersionDate "2024.09.30"]
[SourceQuality "1"]

1. e4 c5 2. c3 Nf6 3. e5 Nd5 4. Nf3 e6 5. d4 cxd4 6. cxd4 d6 7. Bc4 Be7 8. Qe2 0-0 9. 0-0 b6 10. Rd1 Bb7 11. Bxd5 exd5 12. e6 Na6 13. Nc3 Nc7 14. exf7+ Rxf7 15. Be3 Qd7 16. a4 a5 17. Bg5 Raf8 18. Bxe7 Rxe7 19. Qd2 h6 20. Ne2 Ref7 21. Ng3 Ne6 22. Ra3 Nf4 23. Re1 Ba6 24. Rae3 Qg4 25. h3 Qd7 26. Nh2 Qxa4 27. Ng4 h5 28. Nh2 h4 29. Ngf1 Qb4 30. Qxb4 axb4 31. Ng4 Rc8 32. Re8+ 0-1

[Event "Balatonlelle Rigo Memorial GM 3rd"]
[Site "Balatonlelle"]
[Date "2024.06.16"]
[Round "5"]
[White "Geher, Koppany"]
[Black "Pap, Misa"]
[Result "0-1"]
[WhiteElo "2271"]
[BlackElo "2374"]
[PlyCount "84"]
[EventDate "2024.06.12"]
[EventType "tourn"]
[EventRounds "9"]
[EventCountry "HUN"]
[EventCategory "6"]
[SourceTitle "CBM 220 Extra"]
[Source "ChessBase"]
[SourceDate "2024.07.31"]
[SourceVersion "1"]
[SourceVersionDate "2024.07.31"]
[SourceQuality "1"]

1. e4 c5 2. Nf3 Nc6 3. d4 cxd4 4. Nxd4 e5 5. Nb5 d6 6. N1c3 a6 7. Na3 Be6 8. Nc4 Rb8 9. Ne3 Nf6 10. Bd3 g6 11. 0-0 Bg7 12. Ncd5 Bxd5 13. exd5 Ne7 14. c4 0-0 15. Be2 Nd7 16. Kh1 b5 17. Rb1 b4 18. f4 exf4 19. Rxf4 Nc5 20. Rf3 Qd7 21. Qe1 f5 22. Nc2 b3 23. axb3 Nxb3 24. Bg5 h6 25. Be3 g5 26. Bg1 a5 27. Re3 Ng6 28. Bh5 Ne5 29. Na3 f4 30. Rc3 a4 31. Nb5 g4 32. h3 gxh3 33. Rxh3 f3 34. Qg3 f2 35. Bxf2 Qf5 36. Re1 Qxf2 37. Nxd6 Kh8 38. Nf7+ Rxf7 39. Bxf7 Qxg3 40. Rxg3 Nxf7 41. Re7 Ng5 42. d6 Bf8 0-1

[Event "HUN-chT1 Charousek 2324"]
[Site "Hungary"]
[Date "2024.04.21"]
[Round "10.5"]
[White "Losonczi, Marcell"]
[Black "Geher, Koppany"]
[Result "1/2-1/2"]
[WhiteElo "2203"]
[BlackElo "2241"]
[PlyCount "120"]
[EventDate "2023.10.08"]
[EventType "team-tourn"]
[EventRounds "11"]
[EventCountry "HUN"]
[SourceTitle "EXT 2025"]
[Source "ChessBase"]
[SourceDate "2024.10.14"]
[SourceVersion "1"]
[SourceVersionDate "2024.10.14"]
[SourceQuality "1"]
[WhiteTeam "Paks ASE II"]
[BlackTeam "Budapest MTK"]
[WhiteTeamCountry "HUN"]
[BlackTeamCountry "HUN"]

1. e4 c5 2. Nf3 e6 3. c4 Nc6 4. Nc3 Nd4 5. d3 Ne7 6. g3 Nec6 7. Bg2 g6 8. 0-0 Bg7 9. Nxd4 Nxd4 10. Ne2 0-0 11. Nxd4 Bxd4 12. Qe2 b5 13. Be3 bxc4 14. Bxd4 cxd4 15. e5 Rb8 16. dxc4 f6 17. Rad1 fxe5 18. Qxe5 Rxb2 19. a4 Qf6 20. Qxf6 Rxf6 21. Rxd4 Rf5 22. f4 Rc5 23. g4 Rb4 24. f5 Rbxc4 25. Rxc4 Rxc4 26. fxe6 dxe6 27. Rb1 Kf7 28. Rb8 Ke7 29. h3 Kd6 30. Ra8 Rc7 31. Kf2 Rc2+ 32. Ke3 Rxg2 33. Rxc8 Ra2 34. Rh8 Rxa4 35. Rxh7 Ke5 36. Rg7 Ra3+ 37. Ke2 Kf6 38. Rh7 a5 39. h4 a4 40. h5 gxh5 41. gxh5 Rh3 42. Ra7 a3 43. Kf2 Kg5 44. Kg2 Rb3 45. Ra5+ Kg4 46. h6 Rg3+ 47. Kf2 Rh3 48. Ra4+ Kf5 49. h7 Rxh7 50. Rxa3 Rh2+ 51. Ke1 e5 52. Rb3 Kf4 53. Ra3 e4 54. Rb3 Ra2 55. Rc3 Rg2 56. Ra3 Rg5 57. Ke2 Rb5 58. Rc3 Ke5 59. Ra3 Kd4 60. Ra4+ Kd5 1/2-1/2

[Event "HUN-chT1 Charousek 2324"]
[Site "Hungary"]
[Date "2023.11.26"]
[Round "4.5"]
[White "Geher, Koppany"]
[Black "Borzsei, Andras"]
[Result "1/2-1/2"]
[WhiteElo "2241"]
[BlackElo "2036"]
[PlyCount "183"]
[EventDate "2023.10.08"]
[EventType "team-tourn"]
[EventRounds "11"]
[EventCountry "HUN"]
[SourceTitle "EXT 2025"]
[Source "ChessBase"]
[SourceDate "2024.10.14"]
[SourceVersion "1"]
[SourceVersionDate "2024.10.14"]
[SourceQuality "1"]
[WhiteTeam "Budapest MTK"]
[BlackTeam "Gyor Elektromos"]
[WhiteTeamCountry "HUN"]
[BlackTeamCountry "HUN"]

1. e4 c5 2. Nf3 e6 3. d4 cxd4 4. Nxd4 Nc6 5. Nc3 Qc7 6. Be3 a6 7. a3 b5 8. Nxc6 Qxc6 9. Be2 Bb7 10. 0-0 Rc8 11. Qd2 Nf6 12. Bf3 Qd6 13. Qd3 Qxd3 14. cxd3 Be7 15. Rfc1 0-0 16. e5 Nd5 17. Nxd5 Bxd5 18. Bxd5 exd5 19. b4 d6 20. exd6 Bxd6 21. Bc5 Bxc5 22. Rxc5 Rxc5 23. bxc5 d4 24. g4 f5 25. gxf5 Rc8 26. Rc1 Kf7 27. Kg2 Kf6 28. f4 Kxf5 29. Kf3 Rc6 30. Rg1 Kf6 31. Rc1 Kf5 32. Rg1 Kf6 33. Rg5 Re6 34. Kf2 Rc6 35. Rd5 a5 36. Kf3 b4 37. axb4 axb4 38. Rxd4 Rxc5 39. Rxb4 g5 40. Rb6+ Kg7 41. fxg5 Rxg5 42. Rb4 Rh5 43. h4 Kf6 44. Re4 Ra5 45. Kf4 Ra1 46. Rb4 Ra5 47. Rb6+ Kf7 48. Rd6 Rh5 49. Kg4 Ra5 50. Rd4 Ke6 51. Re4+ Kf6 52. Kf4 Ra1 53. Ke3 Kf5 54. Rf4+ Ke6 55. Rb4 Rh1 56. Ra4 Rh3+ 57. Kd2 h5 58. Re4+ Kd5 59. Kc3 Rh1 60. Ra4 Ke6 61. Rb4 Kd6 62. Rc4 Ke6 63. Ra4 Kd6 64. Ra6+ Kd7 65. Kd4 Rxh4+ 66. Ke5 Rg4 67. Rh6 Rg5+ 68. Ke4 Rg4+ 69. Kd5 Rg5+ 70. Kc4 Rg4+ 71. d4 Rg5 72. Ra6 Rf5 73. Rg6 Ra5 74. Kd3 Rb5 75. Ke4 Ra5 76. Rg7+ Kd6 77. Rh7 Rb5 78. Rh6+ Kd7 79. d5 Rb1 80. Rxh5 Re1+ 81. Kd4 Rd1+ 82. Ke5 Re1+ 83. Kf6 Rf1+ 84. Rf5 Rxf5+ 85. Kxf5 Kd6 86. Ke4 Kd7 87. Ke5 Ke7 88. d6+ Kd7 89. Kd5 Kd8 90. Ke6 Ke8 91. d7+ Kd8 92. Kd6 1/2-1/2

[Event "HUN-chT1 Charousek 2324"]
[Site "Hungary"]
[Date "2023.10.08"]
[Round "1.5"]
[White "Glatt, Gabor"]
[Black "Geher, Koppany"]
[Result "1/2-1/2"]
[WhiteElo "2193"]
[BlackElo "2241"]
[PlyCount "74"]
[EventDate "2023.10.08"]
[EventType "team-tourn"]
[EventRounds "11"]
[EventCountry "HUN"]
[SourceTitle "EXT 2025"]
[Source "ChessBase"]
[SourceDate "2024.10.14"]
[SourceVersion "1"]
[SourceVersionDate "2024.10.14"]
[SourceQuality "1"]
[WhiteTeam "Balatonfuered"]
[BlackTeam "Budapest MTK"]
[WhiteTeamCountry "HUN"]
[BlackTeamCountry "HUN"]

1. e4 c5 2. Nf3 e6 3. d4 cxd4 4. Nxd4 Nf6 5. Nc3 Nc6 6. Ndb5 Bb4 7. a3 Bxc3+ 8. Nxc3 d5 9. exd5 exd5 10. Bd3 0-0 11. 0-0 d4 12. Ne2 Bg4 13. Bg5 Bxe2 14. Bxe2 h6 15. Bh4 Re8 16. Re1 g5 17. Bg3 Qb6 18. b3 Ne4 19. Bd3 Nxg3 20. hxg3 Ne5 21. Re4 Nxd3 22. Qxd3 Rxe4 23. Qxe4 Rc8 24. Rd1 Qc6 25. Rxd4 Qxe4 26. Rxe4 Rxc2 27. Re7 Rc1+ 28. Kh2 Ra1 29. a4 b6 30. Rxa7 Rb1 31. Rb7 Rxb3 32. a5 b5 33. a6 Ra3 34. a7 Kg7 35. g4 b4 36. f3 b3 37. Rxb3 Rxa7 1/2-1/2

[Event "HUN-chT1 Charousek 2122"]
[Site "Hungary"]
[Date "2022.04.10"]
[Round "11.4"]
[White "Geher, Koppany"]
[Black "Dobos, Jozsef"]
[Result "1-0"]
[WhiteElo "2261"]
[BlackElo "2249"]
[PlyCount "113"]
[EventDate "2021.10.10"]
[EventType "team-tourn"]
[EventRounds "11"]
[EventCountry "HUN"]
[SourceTitle "EXT 2025"]
[Source "ChessBase"]
[SourceDate "2024.10.14"]
[SourceVersion "1"]
[SourceVersionDate "2024.10.14"]
[SourceQuality "1"]
[WhiteTeam "Budapest MTK"]
[BlackTeam "Csuti Hydro"]
[WhiteTeamCountry "HUN"]
[BlackTeamCountry "HUN"]

1. e4 c5 2. Nf3 d6 3. d4 cxd4 4. Nxd4 Nf6 5. Nc3 a6 6. Be2 e5 7. Nb3 Be7 8. Be3 Be6 9. Qd3 Nc6 10. a3 Rc8 11. Nd5 Bxd5 12. exd5 e4 13. Qd2 Ne5 14. Rc1 h6 15. 0-0 Nfg4 16. Bxg4 Nxg4 17. Qd4 Nxe3 18. Qxe3 0-0 19. Qxe4 Bf6 20. c3 Re8 21. Qb4 Re2 22. Na5 Qe7 23. Qxb7 Qxb7 24. Nxb7 Rxb2 25. Nxd6 Rxc3 26. Rxc3 Bxc3 27. Nc4 Rb8 28. Rd1 Kf8 29. g3 Ke7 30. Rd3 Bf6 31. Kg2 Rc8 32. Ne3 g6 33. Rb3 Bd4 34. Kf3 Kd6 35. Rb7 f5 36. Rh7 Rh8 37. Rxh8 Bxh8 38. g4 fxg4+ 39. Ke4 h5 40. Nc4+ Kc5 41. Ne5 Bg7 42. Nxg6 Kd6 43. Nf4 Be5 44. a4 a5 45. Nxh5 Bxh2 46. Nf4 Bg1 47. Nd3 Bh2 48. Nf4 Bg1 49. Nd3 Bh2 50. Kd4 Bg1 51. Kc4 Bh2 52. Nc5 Bg1 53. Ne4+ Ke5 54. d6 Ke6 55. Kb5 Kd7 56. Kxa5 Bxf2 57. Nxf2 1-0